000 00675nam a2200181Ia 4500
008 100921s9999 xx 000 0 und d
082 _b25628
_a891.463 थ 93
100 _aकर्णिक मधु मंगेश.
245 _aपुण्याई/भोवरा.
260 _bनवचैतन्य प्रकाशन, मुंबई.
_c1993
300 _a128
_bरसिक साहित्य,पुणे
365 _b50
520 _aललित-कादंबरी.
630 _aपुण्याई/भोवरा.
650 _aललित-कादंबरी.
730 _aपुण्याई/भोवरा.
942 _cBOOK
999 _c774741
_d774738